English collocations in use : How words work together for fluent and natural English : Self-study and classroom use
English Collocations in Use Advanced presents and practises hundreds of collocations in typical contexts to help you improve your written and spoken English. It also includes tips on learning strategies and ways to avoid common learner errors. The book is informed by the Cambridge International Corp...
Guardat en:
| Autor principal: | |
|---|---|
| Format: | Llibre |
| Idioma: | Undetermined |
| Publicat: |
New York
Cambridge University Press
2008
|
| Matèries: | |
| Etiquetes: |
Afegir etiqueta
Sense etiquetes, Sigues el primer a etiquetar aquest registre!
|
| Thư viện lưu trữ: | Trung tâm Học liệu Trường Đại học Cần Thơ |
|---|
| LEADER | 01167nam a2200229Ia 4500 | ||
|---|---|---|---|
| 001 | CTU_197262 | ||
| 008 | 210402s9999 xx 000 0 und d | ||
| 020 | |c 418000 | ||
| 082 | |a 428.24 | ||
| 082 | |b O.23 | ||
| 100 | |a O'Dell, Felicity | ||
| 245 | 0 | |a English collocations in use : | |
| 245 | 0 | |b How words work together for fluent and natural English : Self-study and classroom use | |
| 245 | 0 | |c Felicity O'Dell, Michael McCarthy | |
| 260 | |a New York | ||
| 260 | |b Cambridge University Press | ||
| 260 | |c 2008 | ||
| 520 | |a English Collocations in Use Advanced presents and practises hundreds of collocations in typical contexts to help you improve your written and spoken English. It also includes tips on learning strategies and ways to avoid common learner errors. The book is informed by the Cambridge International Corpus to make sure that the collocations taught are the most frequent and useful for students at each level. | ||
| 650 | |a English language,Tiếng Anh | ||
| 650 | |x Textbooks for foreign speakers,Giáo trình dành cho người nước ngoài | ||
| 910 | |a Hải | ||
| 980 | |a Trung tâm Học liệu Trường Đại học Cần Thơ | ||